Environmental Economics / (Record no. 314)
[ view plain ]
| 000 -LEADER | |
|---|---|
| fixed length control field | 00465nam a2200157Ia 4500 |
| 008 - FIXED-LENGTH DATA ELEMENTS--GENERAL INFORMATION | |
| fixed length control field | 190805s9999||||xx |||||||||||||| ||und|| |
| 020 ## - INTERNATIONAL STANDARD BOOK NUMBER | |
| International Standard Book Number | 9780195659139 |
| Terms of availability | Rs. 430.00 |
| 082 04 - DEWEY DECIMAL CLASSIFICATION NUMBER | |
| Classification number | 333.7 |
| Item number | Sa585 |
| 100 1# - MAIN ENTRY--PERSONAL NAME | |
| Personal name | Sankar, U. |
| 245 10 - TITLE STATEMENT | |
| Title | Environmental Economics / |
| 260 ## - PUBLICATION, DISTRIBUTION, ETC. (IMPRINT) | |
| Place of publication, distribution, etc | New Delhi : |
| Name of publisher, distributor, etc | Oxford University Press, |
| Date of publication, distribution, etc | 2002 |
| 300 ## - PHYSICAL DESCRIPTION | |
| Extent | viii, 469 p. |
| Other physical details | : |
| Dimensions | ; 22 cm. |
| 650 #0 - SUBJECT ADDED ENTRY--TOPICAL TERM | |
| Topical term or geographic name as entry element | Environmental economics |
| Form subdivision | Textbooks |
| 852 ## - LOCATION/CALL NUMBER | |
| Location | |
| 942 ## - ADDED ENTRY ELEMENTS (KOHA) | |
| Item type | Books |
| Withdrawn status | Lost status | Damaged status | Not for loan | Collection code | Permanent location | Current location | Shelving location | Date acquired | Source of acquisition | Cost, normal purchase price | Full call number | Barcode | Date last seen | Koha item type | Public note |
|---|---|---|---|---|---|---|---|---|---|---|---|---|---|---|---|
| Management Studies | IMU Kochi Library | IMU Kochi Library | General Stacks | 2018-01-09 | Educational Supplies | 430.00 | 333.7 Sa585 | BK004828 | 2019-08-05 | Books | Gen. Shelf-4, Row-1 | ||||
| Management Studies | IMU Kochi Library | IMU Kochi Library | General Stacks | 2018-01-09 | Educational Supplies | 430.00 | 333.7 Sa585 | BK004829 | 2019-08-05 | Books | Gen. Shelf-4, Row-1 | ||||
| Management Studies | IMU Kochi Library | IMU Kochi Library | General Stacks | 2018-01-09 | Educational Supplies | 430.00 | 333.7 Sa585 | BK004830 | 2019-08-05 | Books | Gen. Shelf-4, Row-1 | ||||
| Management Studies | IMU Kochi Library | IMU Kochi Library | General Stacks | 2018-01-09 | Educational Supplies | 430.00 | 333.7 Sa585 | BK004831 | 2019-08-05 | Books | Gen. Shelf-4, Row-1 | ||||
| Management Studies | IMU Kochi Library | IMU Kochi Library | General Stacks | 2018-01-09 | Educational Supplies | 430.00 | 333.7 Sa585 | BK004827 | 2019-08-05 | Books | Gen. Shelf-4, Row-1 |